LEADER 01545nam a2200289 i 4500 001 000000045196 003 CaOOAMICUS 005 20091106000000.0 008 091106s1985 sp u000 u spa u 013 $a16366 020 $a84-313-0908-3 040 $aSeMil$bita 245 10$aDios y el hombre :$b6. Simposio internacional de teologia de la Universidad de Navarra /$cedición dirigida por Antonio Aranda ... [et al.]. 260 $aPamplona :$bUniversidad de Navarra,$c1985. 490 0 $aColección teológica ;$v43 490 0 $aSimposios internacionales de teología de la Universidad de Navarra ;$v6 650 4$aUomo - Teologia cristiana.$0(OLS)http://semarc/subject/9600 650 4$aChiesa cattolica - Atti di congressi.$0(OLS)http://semarc/subject/9674 700 1 $aAranda, Antonio <1942- >.$0(OLS)http://semarc/name/17531 700 1 $aSimposio internacional de teología <6. ; 1984 ; Pamplona>.$0(OLS)http://semarc/name/22514 830 0$aColección teológica ;$v43.$0(OLS)http://semarc/title/5970 830 0$aSimposios internacionales de teología de la Universidad de Navarra ;$v6.$0(OLS)http://semarc/title/20186 850 $aSeMil 852 $aSeMil$W1$xVenegono$y1$m2B V 184$j11351$B11351$CSeMilBibl$Z2$F11351 $81 996 $6020$a84-313-0908-3$9(OLS)http://semarc/number/17321 996 $6245$aDios y el hombre :$b6. Simposio internacional de teologia de la Universidad de Navarra$9(OLS)http://semarc/title/67142 996 $6260$aPamplona :$bUniversidad de Navarra$9(OLS)http://semarc/publisher/30702 LEADER 00760nam a2200181 i 4500 001 000000003335 003 CaOOAMICUS 005 20180830125436.0 008 180830s1990 it u000 u ita u 040 $aSeMil$bita 245 14$aGli autori :$bdizionario bio-bibliografico e indici. 260 $aTorino :$bEinaudi,$c1990-1991. 650 4$aScrittori italiani - Enciclopedie e dizionari.$0(OLS)http://semarc/subject/552 773 0 $tLetteratura italiana.$dTorino : Giulio Einaudi, 1982.$w()1150 774 0 $tA-G.$z88-06-11503-0$gVolume1$w()67666 774 0 $tH-Z.$z88-06-11504-9$gVolume2$w()103405 996 $6245$aGli autori :$bdizionario bio-bibliografico e indici$9(OLS)http://semarc/title/5707 996 $6260$aTorino :$bEinaudi$9(OLS)http://semarc/publisher/29884